City Chain #6 - Statistics

General Stats
  • This quiz has been taken 70 times
    49 since last reset
  • The average score is 12 of 17
Answer Stats
Hint Answer % Correct
The world's busiest airport by passenger volume is located here Atlanta
96%
The 'Big Apple' that never sleeps New York
96%
Biggest city and capital of South Australia Adelaide
91%
Biggest Italian city near Mt. Vesuvius Naples
89%
City in India that was officially called 'Calcutta' till 2001 Kolkata
87%
American city considered the home of country music Nashville
85%
City in Texas that is bordered by Mexico's Ciudad Juarez El Paso
81%
Current name of the city that was the capital of Kazakhstan in the Soviet era Almaty
72%
Capital of Cameroon Yaoundé
70%
City in the Netherlands where the electronics company 'Philips' was founded Eindhoven
62%
Biggest Ukrainian city that lies on the Black Sea Odesa
62%
Caucasion capital city along the Hrazdan River and on the Ararat Plain Yerevan
62%
Peninsula city in Yemen after which the gulf between Arabia and the Horn of Africa is named Aden
60%
Capital of the Spanish region of Andalusia Sevilla
60%
Brazilian city where Pelé is a local legend as soccer player Santos
40%
City from where Hannibal left with his elephants Carthage
36%
City in France famous for its champagne Eperney
9%
No matching quizzes found
Score Distribution
Percent of People with Each Score
Percentile by Number Answered
Your Score History
You have not taken this quiz since the last reset